les pays d'afrique en ordre alphabétique - Statistiques

Statistiques générales
  • Ce quiz a été pris 37 fois
  • Le résultat moyen est 27 sur 54
Statistiques - réponses
# pays % Correct
2 algerie
100%
3 angola
90%
4 bénin
86%
1 afrique du sud
83%
6 burkina faso
76%
7 burundi
76%
8 cameroun
76%
5 botswana
72%
9 cap-vert
69%
15 djibouti
62%
14 cote d'ivoire
59%
19 ethiopie
59%
11 comores
55%
17 érythrée
55%
18 eswatini
55%
20 gabon
55%
23 guinée
55%
24 guinée-bissau
55%
25 guinée équatoriale
55%
54 zimbabwe
55%
22 ghana
52%
26 kenya
52%
28 liberia
52%
53 zambie
52%
16 égypte
48%
21 gambie
48%
27 lesotho
48%
32 mali
48%
35 mauritanie
48%
37 namibie
48%
12 république du congo
48%
36 mozambique
45%
29 libye
41%
30 madagascar
41%
33 maroc
41%
34 maurice
41%
38 niger
41%
39 nigeria
41%
40 ouganda
41%
10 centrafrique
38%
31 malawi
38%
13 république démocratique du congo
38%
41 rwanda
31%
42 sao-tomé et principe
31%
43 sénégal
31%
46 somalie
31%
45 sierra leone
28%
47 soudan
28%
48 soudan du sud
28%
51 togo
28%
52 tunisie
28%
49 tanzanie
24%
50 tchad
24%
44 seychelles
21%
Aucun quiz correspondant
Distribution des résultats
% des personnes avec chaque résultat
Percentile par nombre de réponses
Votre historique - résultats
Vous n’avez pas pris ce quiz